Inazuma Eleven - Techniques d'Inazuma Japon - Statistiques

Statistiques générales
  • Ce quiz a été pris 687 fois
  • Le résultat moyen est 49 sur 77
Statistiques - réponses
Joueur(s) Réponse % Correct
Darren / Mark Main Céleste
93%
Shawn Blizzard Éternel
88%
Darren / Mark Main Magique
86%
Jude Ballon Illusoire
84%
Jack Le Mur
84%
Austin Frappe du Tigre
82%
Shawn Loup Légendaire
82%
Jack La Montagne
80%
Axel Tornade de Feu
80%
Kevin Choc du Dragon
79%
Axel Tempête de Feu
79%
Shawn Patinoire
78%
Axel, Jack Trampoline du Tonnerre
77%
Archer Aspir-attaque
76%
Mark Arrêt Céleste
75%
Mark Poing de la Justice
75%
Shawn Ange des Neiges
74%
Kevin Choc de la Vouivre
74%
Xavier Météore Géant
74%
Hurley Tir Tsunami
74%
Austin, Axel, Xavier Feu Tout-Puissant
73%
Mark Main Dimensionnelle
73%
Axel, Shawn Feu Glacé
72%
Darren Main du Colosse
72%
Kevin, Shawn Blizzard de la Vouivre
70%
Axel, Mark, Shawn La Terre
70%
Darren Mains de l'Infini
70%
Austin, Axel Tempête du Tigre
70%
Nathan Dribble Rafale
69%
Mark, Bobby, Erik Phénix
69%
Axel, Kevin Tornade du Dragon
69%
Xavier Frappe Stellaire
68%
Nathan, Shawn Ouragan
68%
Kevin Mégadragon
67%
Mark Poing de la Colère
67%
Jude, Mark, Bobby Triangle de la Mort
67%
Jude, Shawn, Xavier Big Bang
66%
Mark Poing Explosif
66%
Jordan Tir Astral
66%
Axel Tourbillon de Feu
66%
Scotty Tourbillon Vivant
66%
Nathan Danse d'Éole
65%
Mark Poing Ardent
65%
Mark, Bobby, Erik Tri-Pégase
65%
Shawn, Thor Bête du Tonnerre
64%
Thor Sumo Écrasement
64%
Mark Tête Explosive
64%
Hurley Le Typhon
63%
Jude, Erik Tir Puissance 2
63%
Axel, Nathan Oiseau de Feu
62%
Austin, Axel, Mark Ouragan Inazuma
62%
Axel, Jude, Mark Éclair Pulvérisant
61%
Axel, Mark Foudre
60%
Austin Cercle d'Épées
57%
Mark (film) Main Oméga
57%
Austin Tir Téléguidé
57%
Caleb, Jude Champ d'Énergie
56%
Jude, Mark, Bobby Triangle de la Mort 2
55%
Axel, Jack, Mark Super Trampoline du Tonnerre
54%
Tod Dribble Spectral
53%
Xavier, Bellatrix, Wittz Supernova
52%
Hurley, Scotty, Tori Tour Parfaite
52%
Caleb, David, Jude Manchot Empereur n°3
51%
Xavier, Bellatrix, Wittz Manchot Spatial
49%
Kevin, Nathan, Max Phénix Noir
49%
Axel, Erik, Jude Manchot Empereur n°2
48%
David Manchot Empereur n°1
46%
Shawn, Xavier L'Aurore
45%
Hurley Le Rouleau
45%
Jack, Nathan Tourbillon Trampoline
41%
Jordan Sprint Éclair
40%
Thor Lame Sismique
38%
Jordan, Rihm Frappe Cosmique
33%
Tod Accélération
31%
Jack, Mark, Tod Triple Défense
24%
Tod Scie Circulaire
21%
Nathan Tacle Puissance 3
21%
Aucun quiz correspondant
Distribution des résultats
% des personnes avec chaque résultat
Percentile par nombre de réponses
Votre historique - résultats
Vous n’avez pas pris ce quiz